[Event "Mittelfranken-chTB2b 1718"]
[Site "Mittelfranken"]
[Date "2018.05.06"]
[Round "9.3"]
[White "Staar, Werner"]
[Black "Miederer, Karl"]
[Result "0-1"]
[WhiteElo "1573"]
[BlackElo "1744"]
[PlyCount "80"]
[EventDate "2017.10.08"]
[EventType "team-tourn"]
[EventRounds "9"]
[EventCountry "GER"]
[SourceTitle "EXT 2022"]
[Source "ChessBase"]
[SourceDate "2021.10.06"]
[SourceVersion "1"]
[SourceVersionDate "2021.10.06"]
[SourceQuality "1"]
[WhiteTeam "Schnaittach"]
[BlackTeam "Uttenreuth"]
[WhiteTeamCountry "GER"]
[BlackTeamCountry "GER"]

1. e4 c5 2. Nf3 Nc6 3. d4 cxd4 4. Nxd4 g6 5. Be2 Bg7 6. c3 Nf6 7. Bf3 0-0 8. 0-0 Ne5 9. Nd2 d6 10. N2b3 Nxf3+ 11. Qxf3 Ng4 12. h3 Ne5 13. Qe2 Bd7 14. f4 Nc6 15. f5 Rc8 16. Be3 a6 17. Rf2 Qc7 18. Raf1 Nxd4 19. Bxd4 Bb5 20. Qd1 Bxf1 21. Qxf1 Bxd4 22. Nxd4 Qa5 23. a3 Qe5 24. Qe2 Rc7 25. Qg4 Rc4 26. h4 Kh8 27. Re2 Rg8 28. Qf3 g5 29. hxg5 Rxg5 30. Qd3 Rc8 31. Nf3 Qc5+ 32. Qd4+ Qxd4+ 33. Nxd4 Rcg8 34. Nf3 Rg4 35. Nd2 h5 36. Kh2 Kh7 37. Nf1 h4 38. Kh3 Kh6 39. Nh2 Rg3+ 40. Kxh4 Rxg2 0-1

[Event "Mittelfranken-chTB2b 1314"]
[Site "Mittelfranken"]
[Date "2014.05.04"]
[Round "9.2"]
[White "Hanisch, Friedrich"]
[Black "Miederer, Karl"]
[Result "1-0"]
[WhiteElo "2054"]
[BlackElo "1696"]
[PlyCount "161"]
[EventDate "2013.10.20"]
[EventType "team-tourn"]
[EventRounds "9"]
[EventCountry "GER"]
[SourceTitle "EXT 2020"]
[Source "ChessBase"]
[SourceDate "2019.10.17"]
[SourceVersion "1"]
[SourceVersionDate "2019.10.17"]
[SourceQuality "1"]
[WhiteTeam "Lauf SV"]
[BlackTeam "Uttenreuth"]
[WhiteTeamCountry "GER"]
[BlackTeamCountry "GER"]

1. d4 d5 2. c4 e6 3. Nc3 Nc6 4. Nf3 Nf6 5. e3 Be7 6. Bd3 0-0 7. 0-0 a6 8. a3 dxc4 9. Bxc4 b5 10. Bd3 Bb7 11. b4 Qd6 12. Bb2 e5 13. d5 Nd8 14. e4 Nd7 15. Rc1 c6 16. dxc6 Nxc6 17. Nd5 Bd8 18. Qb3 Ne7 19. Ne3 Ng6 20. Nf5 Qb6 21. Rfd1 Rc8 22. Rxc8 Bxc8 23. Bc1 Nf6 24. Be3 Be6 25. Qb2 Qc7 26. Bc5 Ne7 27. Qxe5 Qxe5 28. Nxe5 Bxf5 29. exf5 Re8 30. Nf3 Ned5 31. g3 Bb6 32. Bxb6 Nxb6 33. Bf1 Nfd5 34. Bg2 Nc3 35. Rd6 Rb8 36. Nd4 Nca4 37. Nc6 Ra8 38. Rd8+ Rxd8 39. Nxd8 Nc4 40. Bb7 Nxa3 41. Bxa6 Kf8 42. Nc6 Nc3 43. Kg2 f6 44. Nd4 Nd5 45. Bxb5 Nxb5 46. Nxb5 Nxb4 47. Kf3 Nc6 48. Ke4 Ke7 49. f4 Nb8 50. g4 Nd7 51. h4 Nc5+ 52. Ke3 Nd7 53. Nc7 Nf8 54. Ke4 Kd7 55. Nd5 Kd6 56. g5 Nd7 57. Kd4 Kc6 58. gxf6 gxf6 59. Nxf6 Nxf6 60. Ke5 Nd7+ 61. Ke6 Nc5+ 62. Ke7 Kd5 63. f6 Ne6 64. f5 Nd4 65. f7 Nxf5+ 66. Kd7 Nxh4 67. f8Q Ng6 68. Qf5+ Kd4 69. Ke6 Ke3 70. Qh3+ Kf4 71. Kf6 Ne5 72. Qh2+ Kf3 73. Qxe5 h6 74. Kf5 h5 75. Qc3+ Kf2 76. Kf4 h4 77. Qf3+ Kg1 78. Qh3 Kf2 79. Qh2+ Ke1 80. Ke3 Kd1 81. Qd2# 1-0